[Event "H. C. Andersen Mindgames"]
[Site "?"]
[Date "2012.05.20"]
[Round "9.9"]
[White "Jacobsen, 2337, Bo"]
[Black "Tari, 2216, Aryan"]
[Result "0-1"]
[LiveChessVersion "1.3.1"]
[BlackElo "2216"]
[WhiteElo "2337"]

1. c4 {[%clk 1:30:39]} c5 {[%clk 1:30:47]} 2. g3 {[%clk 1:30:56]} g6
{[%clk 1:31:10]} 3. Bg2 {[%clk 1:31:18]} Bg7 {[%clk 1:31:38]} 4. Nc3
{[%clk 1:31:37]} Nc6 {[%clk 1:31:53]} 5. Nf3 {[%clk 1:31:48]} Nf6
{[%clk 1:32:17]} 6. d4 {[%clk 1:31:44]} cxd4 {[%clk 1:32:42]} 7. Nxd4
{[%clk 1:32:07]} O-O {[%clk 1:33:06]} 8. O-O {[%clk 1:32:31]} Ng4
{[%clk 1:33:34]} 9. e3 {[%clk 1:32:34]} d6 {[%clk 1:33:58]} 10. b3
{[%clk 1:31:48]} Nxd4 {[%clk 1:34:14]} 11. exd4 {[%clk 1:32:10]} Nh6
{[%clk 1:34:42]} 12. Bb2 {[%clk 1:32:18]} Nf5 {[%clk 1:34:09]} 13. Nd5
{[%clk 1:29:57]} Rb8 {[%clk 1:33:36]} 14. Rb1 {[%clk 1:19:41]} e6
{[%clk 1:29:46]} 15. Nf4 {[%clk 1:10:32]} b6 {[%clk 1:28:16]} 16. Re1
{[%clk 1:06:20]} Bb7 {[%clk 1:24:47]} 17. Bh3 {[%clk 1:00:57]} Qg5
{[%clk 1:24:05]} 18. d5 {[%clk 0:56:26]} Bxb2 {[%clk 1:18:54]} 19. Rxb2
{[%clk 0:55:55]} e5 {[%clk 1:19:05]} 20. Ne2 {[%clk 0:46:05]} Bc8
{[%clk 1:16:58]} 21. f4 {[%clk 0:40:08]} exf4 {[%clk 1:16:12]} 22. Bxf5
{[%clk 0:40:17]} fxg3 {[%clk 1:15:21]} 23. Bxc8 {[%clk 0:40:03]} Qe3+ 0-1

[Event "H. C. Andersen Mindgames"]
[Site "?"]
[Date "2012.05.20"]
[Round "9.10"]
[White "Rewitz, 2253, FM Poul"]
[Black "Bonnelykke, 2027, Ole"]
[Result "0-1"]
[LiveChessVersion "1.3.1"]
[BlackElo "2027"]
[WhiteElo "2253"]

1. e4 {[%clk 1:30:57]} c5 {[%clk 1:30:45]} 2. b4 {[%clk 1:31:18]} e5
{[%clk 1:28:46]} 3. Nf3 {[%clk 1:30:53]} Nc6 {[%clk 1:28:13]} 4. b5
{[%clk 1:28:25]} Nd4 {[%clk 1:27:44]} 5. Nxe5 {[%clk 1:24:04]} Qe7
{[%clk 1:24:57]} 6. Nc4 {[%clk 1:23:46]} Qxe4+ {[%clk 1:24:22]} 7. Ne3
{[%clk 1:23:51]} d5 {[%clk 1:23:15]} 8. Nc3 {[%clk 1:23:01]} Qe5 {[%clk 1:22:18]}
9. Ncxd5 {[%clk 1:21:45]} Be6 {[%clk 1:21:15]} 10. f4 {[%clk 1:19:59]} Qd6
{[%clk 1:20:43]} 11. Bc4 {[%clk 1:16:41]} Ne7 {[%clk 1:15:29]} 12. Nxe7
{[%clk 1:14:19]} Bxc4 {[%clk 1:10:49]} 13. Nxc4 {[%clk 1:13:40]} Qe6+
{[%clk 1:04:23]} 14. Ne3 {[%clk 1:10:18]} Bxe7 {[%clk 1:04:06]} 15. O-O
{[%clk 1:09:26]} O-O-O {[%clk 0:58:02]} 16. a4 {[%clk 1:07:36]} Bf6
{[%clk 0:56:26]} 17. Ra3 {[%clk 1:00:15]} Rhe8 {[%clk 0:54:38]} 18. Kh1
{[%clk 0:55:03]} Nf5 {[%clk 0:52:11]} 19. Qf3 {[%clk 0:53:35]} Bd4
{[%clk 0:42:54]} 20. Nxf5 {[%clk 0:48:06]} Qxf5 {[%clk 0:43:00]} 21. Qh3
{[%clk 0:48:06]} Qxh3 {[%clk 0:42:23]} 22. Rxh3 {[%clk 0:48:27]} h6
{[%clk 0:36:32]} 23. Rhf3 {[%clk 0:39:53]} Re2 {[%clk 0:34:39]} 24. h4
{[%clk 0:36:36]} h5 {[%clk 0:32:56]} 25. Kh2 {[%clk 0:36:10]} Bf6
{[%clk 0:29:37]} 26. Kh3 {[%clk 0:33:08]} Rd4 {[%clk 0:27:58]} 27. a5
{[%clk 0:30:39]} Rc4 {[%clk 0:26:00]} 28. Rd3 {[%clk 0:27:21]} Rxc2
{[%clk 0:25:04]} 29. Rd5 {[%clk 0:27:15]} b6 {[%clk 0:20:05]} 30. axb6
{[%clk 0:25:39]} axb6 {[%clk 0:20:27]} 31. Rxh5 {[%clk 0:25:15]} Bb2
{[%clk 0:19:41]} 32. Bxb2 {[%clk 0:24:05]} Rxb2 {[%clk 0:20:04]} 33. Rg5
{[%clk 0:22:52]} g6 {[%clk 0:17:41]} 34. f5 {[%clk 0:23:04]} Rb3+
{[%clk 0:14:10]} 35. g3 {[%clk 0:22:48]} Re5 {[%clk 0:12:46]} 36. fxg6
{[%clk 0:17:03]} Rxg5 {[%clk 0:12:56]} 37. hxg5 {[%clk 0:17:01]} fxg6
{[%clk 0:13:13]} 38. Rf6 {[%clk 0:17:19]} Rxb5 {[%clk 0:12:58]} 39. Rxg6
{[%clk 0:17:37]} Kd7 {[%clk 0:11:46]} 40. Rf6 {[%clk 0:16:41]} Ke7
{[%clk 0:11:05]} 41. Rf5 {[%clk 0:11:12]} Ra5 {[%clk 0:05:32]} 42. g6
{[%clk 0:10:24]} c4 {[%clk 0:05:45]} 43. Rf7+ {[%clk 0:09:32]} Ke8
{[%clk 0:05:25]} 44. Rb7 {[%clk 0:08:20]} Kf8 {[%clk 0:05:07]} 45. Rxb6
{[%clk 0:07:40]} Rd5 {[%clk 0:03:27]} 46. Kg4 {[%clk 0:04:36]} Kg7
{[%clk 0:02:21]} 47. Rb2 {[%clk 0:03:56]} Kxg6 {[%clk 0:01:37]} 48. Kf4
{[%clk 0:04:14]} Rd4+ {[%clk 0:01:22]} 49. Ke5 {[%clk 0:03:53]} Rd3
{[%clk 0:01:26]} 50. Rc2 {[%clk 0:04:00]} Kg5 {[%clk 0:01:01]} 51. Ke4
{[%clk 0:04:16]} Rd8 {[%clk 0:00:46]} 52. Ke3 {[%clk 0:04:30]} Rd3+
{[%clk 0:01:07]} 53. Kf2 {[%clk 0:04:27]} Rd4 {[%clk 0:01:23]} 54. Ke2
{[%clk 0:04:36]} Kf5 {[%clk 0:01:04]} 55. Rc3 {[%clk 0:04:48]} Re4+
{[%clk 0:00:58]} 56. Re3 {[%clk 0:04:49]} Rd4 {[%clk 0:01:08]} 57. Kd1
{[%clk 0:05:02]} Rd5 {[%clk 0:00:54]} 58. Kc2 {[%clk 0:05:18]} Rd4
{[%clk 0:00:44]} 59. Kc3 {[%clk 0:05:39]} Rg4 {[%clk 0:00:58]} 60. Re8
{[%clk 0:04:09]} Kf6 {[%clk 0:01:12]} 61. Re3 {[%clk 0:02:30]} Kf5
{[%clk 0:01:20]} 62. Kb4 {[%clk 0:02:47]} Kf6 {[%clk 0:01:32]} 63. Kc5
{[%clk 0:03:01]} Kf5 {[%clk 0:01:34]} 64. Kd5 {[%clk 0:03:16]} Kf6
{[%clk 0:01:49]} 65. Rf3+ {[%clk 0:03:02]} Ke7 {[%clk 0:02:06]} 66. Rc3
{[%clk 0:03:03]} Kd7 {[%clk 0:02:21]} 67. Ke5 {[%clk 0:03:14]} Ke7
{[%clk 0:02:23]} 68. Ra3 {[%clk 0:03:16]} Rg5+ {[%clk 0:02:14]} 69. Ke4
{[%clk 0:03:32]} Rg4+ {[%clk 0:02:32]} 70. Kd5 {[%clk 0:03:51]} Kd7
{[%clk 0:01:44]} 71. Re3 {[%clk 0:04:06]} Kd8 {[%clk 0:01:15]} 72. Rf3
{[%clk 0:03:39]} Ke7 {[%clk 0:01:30]} 73. Ke5 {[%clk 0:03:41]} Rg5+
{[%clk 0:01:25]} 74. Kf4 {[%clk 0:03:38]} Rd5 {[%clk 0:01:24]} 75. Rf2
{[%clk 0:03:15]} Rd3 {[%clk 0:01:32]} 76. Kg4 {[%clk 0:03:16]} c3
{[%clk 0:00:39]} 77. dxc3 {[%clk 0:03:30]} Rxc3 {[%clk 0:01:05]} 78. Kh4
{[%clk 0:03:41]} Rc6 {[%clk 0:01:14]} 79. g4 {[%clk 0:03:52]} Rc1
{[%clk 0:00:39]} 80. Kh5 {[%clk 0:03:56]} Rc8 {[%clk 0:00:43]} 81. Kh6
{[%clk 0:03:40]} Rc6+ {[%clk 0:00:55]} 82. Kg7 {[%clk 0:03:31]} Rc5
{[%clk 0:01:11]} 83. Rf5 {[%clk 0:03:52]} Rc4 {[%clk 0:01:22]} 84. g5
{[%clk 0:04:17]} Ke6 {[%clk 0:01:01]} 85. Rf6+ {[%clk 0:04:30]} Ke7
{[%clk 0:00:59]} 86. Rf1 {[%clk 0:04:35]} Re4 {[%clk 0:01:14]} 87. g6
{[%clk 0:04:48]} Re2 {[%clk 0:01:12]} 88. Kg8 {[%clk 0:04:56]} Re3
{[%clk 0:01:08]} 89. Rf7+ {[%clk 0:05:07]} Ke8 {[%clk 0:00:48]} 90. g7
{[%clk 0:04:58]} Re1 {[%clk 0:00:35]} 91. Rf4 {[%clk 0:05:09]} Ke7
{[%clk 0:00:45]} 92. Rh4 {[%clk 0:04:55]} Kf6 {[%clk 0:00:33]} 93. Kh8
{[%clk 0:04:54]} 1-0

[Event "H. C. Andersen Mindgames"]
[Site "?"]
[Date "2012.05.20"]
[Round "9.11"]
[White "Christensen, 2251, Bo Garner"]
[Black "Nielsen, 2163, John Bauneborg"]
[Result "1-0"]
[LiveChessVersion "1.3.1"]
[BlackElo "2163"]
[WhiteElo "2251"]

1. e4 {[%clk 1:30:56]} c5 {[%clk 1:30:56]} 2. Nf3 {[%clk 1:31:17]} Nc6
{[%clk 1:31:22]} 3. d4 {[%clk 1:30:13]} cxd4 {[%clk 1:31:46]} 4. Nxd4
{[%clk 1:30:37]} e5 {[%clk 1:32:12]} 5. Nb5 {[%clk 1:30:45]} d6 {[%clk 1:32:29]}
6. N1c3 {[%clk 1:30:37]} a6 {[%clk 1:32:44]} 7. Na3 {[%clk 1:31:00]} b5
{[%clk 1:20:50]} 8. Nd5 {[%clk 1:30:14]} Nce7 {[%clk 1:12:57]} 9. Bxb5+
{[%clk 1:19:24]} axb5 {[%clk 1:12:45]} 10. Nxb5 {[%clk 1:19:46]} Nxd5
{[%clk 1:12:07]} 11. Qxd5 {[%clk 1:20:09]} Rb8 {[%clk 1:06:16]} 12. O-O
{[%clk 1:17:57]} Bb7 {[%clk 0:56:40]} 13. Qc4 {[%clk 1:17:01]} Rc8
{[%clk 0:55:31]} 14. Qe2 {[%clk 1:15:55]} Be7 {[%clk 0:54:07]} 15. Rd1
{[%clk 1:15:29]} Nf6 {[%clk 0:52:39]} 16. f3 {[%clk 1:15:28]} O-O
{[%clk 0:46:17]} 17. c4 {[%clk 1:15:05]} Ba6 {[%clk 0:43:39]} 18. a4
{[%clk 1:13:56]} Bxb5 {[%clk 0:42:49]} 19. cxb5 {[%clk 1:12:21]} d5
{[%clk 0:40:45]} 20. exd5 {[%clk 1:08:36]} Bc5+ {[%clk 0:40:31]} 21. Be3
{[%clk 1:05:54]} Qb6 {[%clk 0:36:56]} 22. Bxc5 {[%clk 1:05:56]} Qxc5+
{[%clk 0:37:10]} 23. Kh1 {[%clk 1:06:21]} Nxd5 {[%clk 0:32:26]} 24. Qxe5
{[%clk 1:04:22]} Rfe8 {[%clk 0:32:30]} 25. Qf5 {[%clk 0:59:34]} g6
{[%clk 0:31:25]} 26. Qg5 {[%clk 0:59:31]} Ne3 {[%clk 0:21:20]} 27. Qxc5
{[%clk 0:59:07]} Rxc5 {[%clk 0:21:45]} 28. Re1 {[%clk 0:59:21]} Rcc8
{[%clk 0:17:11]} 29. g3 {[%clk 0:57:33]} Nc4 {[%clk 0:14:41]} 30. Rxe8+
{[%clk 0:57:06]} Rxe8 {[%clk 0:15:09]} 31. b4 {[%clk 0:56:26]} Rb8
{[%clk 0:13:08]} 32. Rc1 {[%clk 0:55:04]} Nb2 {[%clk 0:11:13]} 33. a5
{[%clk 0:55:04]} Nd3 {[%clk 0:10:52]} 34. Rc4 {[%clk 0:54:52]} Ne5
{[%clk 0:06:34]} 35. Rc3 {[%clk 0:53:51]} Nd7 {[%clk 0:04:40]} 36. Rc7
{[%clk 0:53:23]} Rxb5 {[%clk 0:02:35]} 37. Rxd7 {[%clk 0:53:44]} Rxb4
{[%clk 0:03:01]} 38. a6 {[%clk 0:54:04]} Ra4 {[%clk 0:03:02]} 39. a7
{[%clk 0:54:29]} Kg7 {[%clk 0:03:28]} 40. Kg1 {[%clk 0:54:55]} Ra2
{[%clk 0:03:20]} 41. Kf1 {[%clk 0:55:14]} Kf6 {[%clk 0:02:18]} 42. Ke1
{[%clk 0:53:34]} g5 {[%clk 0:02:26]} 43. Kd1 {[%clk 0:53:30]} h5 {[%clk 0:02:34]}
44. Kc1 {[%clk 0:53:06]} Ke6 {[%clk 0:02:07]} 45. Rb7 {[%clk 0:53:31]} f6
{[%clk 0:01:37]} 46. Kb1 {[%clk 0:53:42]} Ra5 {[%clk 0:01:56]} 47. Kb2
{[%clk 0:54:02]} g4 {[%clk 0:02:00]} 48. f4 {[%clk 0:54:07]} Kf5 {[%clk 0:02:05]}
49. Kb3 {[%clk 0:54:25]} Ke4 {[%clk 0:02:23]} 50. Kb4 {[%clk 0:53:37]} Ra1
{[%clk 0:02:45]} 51. Kc5 {[%clk 0:53:52]} Kf3 {[%clk 0:02:04]} 52. Rb3+
{[%clk 0:53:45]} Kg2 {[%clk 0:02:32]} 53. Rb2+ {[%clk 0:54:08]} Kf3
{[%clk 0:02:58]} 54. Kb6 {[%clk 0:54:29]} h4 {[%clk 0:03:12]} 55. gxh4
{[%clk 0:54:12]} Kxf4 {[%clk 0:03:26]} 56. Kb7 {[%clk 0:53:56]} f5
{[%clk 0:02:23]} 57. a8=Q {[%clk 0:54:13]} Rxa8 {[%clk 0:02:43]} 58. Kxa8
{[%clk 0:54:40]} Ke5 {[%clk 0:02:38]} 59. Rb6 {[%clk 0:54:29]} f4
{[%clk 0:03:00]} 60. h5 {[%clk 0:54:54]} f3 {[%clk 0:03:05]} 61. h6
{[%clk 0:55:14]} 1-0